000 00452nam a22001577a 4500
003 OSt
005 20230404125515.0
008 230404b |||||||| |||| 00| 0 eng d
020 _a978-1-84317-566-7
040 _cCML
082 _a428.2FIN
245 _aEVERYDAY ENGLISH
_b: GETTING TO GRIPS WITHTHE BASICS OF THE LANGUAGE
_cBY FINLAY, MICHELLE
260 _aLONDON
_bMICHAEL O'MARA BOOKS LIMITED
_c2011
300 _a192p.
942 _2ddc
_cBK
_k428.2
_mFIN
999 _c4003
_d4003